| 000 | 00515nam a22002177a 4500 | ||
|---|---|---|---|
| 003 | Nust | ||
| 005 | 20211108154923.0 | ||
| 008 | 170215b xxu||||| |||| 00| 0 eng d | ||
| 020 | _a9781259097119 | ||
| 038 | _akhadija | ||
| 040 | _cc | ||
| 082 |
_a621.902 _bKRA |
||
| 100 |
_aKrar, Steve F. _957846 |
||
| 245 | _aTechnology of Machine Tools | ||
| 250 | _a7th ed. | ||
| 260 |
_aNew Delhi : _bMcGraw Hill, _c2013. |
||
| 300 |
_a925 p. ; _b28 cm. |
||
| 500 | _aPaperback. | ||
| 563 | _aPB | ||
| 942 |
_cBK _2ddc |
||
| 999 |
_c33766 _d33766 |
||